Deportes de los juegos olímpicos de invierno - Estadísticas

Estadísticas generales
  • Esta prueba ha sido intentada 44 veces
  • La puntuación promedio es 8 de 15
Estadísticas de respuestas
Respuesta % Correcto
Esquí acrobático
85%
Esquí alpino
85%
Esquí de fondo
85%
Patinaje artístico
73%
Patinaje de velocidad
73%
Patinaje de velocidad en pista corta
73%
Snowboard
63%
Hockey hielo
55%
Curling
53%
Bobsleigh
50%
Skeleton
38%
Biatlón
33%
Combinada nórdica
18%
Luge
15%
Saltos de esquí
10%
No se encontraron pruebas coincidentes
Distribución de puntuación
Porcentaje de gente con cada puntuación
Porcentaje por número respondido
Historial de tus puntuaciones
No has intentado esta prueba.